00975nas a2200229Ia 4500001001100000003000900011008004100020040001300061040001300074041001300087100005000100210001200150222001200162245009400174250001100268260002200279501008600301300001900387362003400406500026200440650004300702R142/B5694IT-RoPAU151124c99999999xx |||||||||||| ||und|| aIT-RoPAU cIT-RoPAU aFRANCESE aCoustel Jean-PierregCodice Aut. SPICS: 46051 aRESEAUX aReseaux aRESEAUX, N.057 (GENNAIO/FEBBRAIO 1993)bNouvelle Legislation Americaine Sur Le Cable (La) a1a ed. aPARISbCNETc1993 bPaulus - SPICS - Società San Paolo EM (non-commercial uses only)cCopyright2015 a28 p. [81-108] aN.057 (GENNAIO/FEBBRAIO 1993) aNuova Legislazione Americana Sul Cavo: Verso la Riduzione del Potere di Mercato dei Cavo-Operatori. Attori, Regole e Tendenze. Dalla Televisione Hertziana Alla Televisione Via Cavo. Evoluzione della Struttura dell'Offerta dei Servizi Televisivi. Proprietà aCOMUNICAZIONEvPUBBLICAZIONE PERIODICA